[Event "Biel Chess Festival 2024 - Master tournament"]
[Site "Biel/Bienne"]
[Date "2024.07.18"]
[Round "4"]
[Board "1"]
[White "Sasikiran, Krishnan"]
[Black "Kobo, Ori"]
[Result "1/2-1/2"]
[WhiteElo "2581"]
[BlackElo "2529"]
[PlyCount "0"]
[EventDate "2024.07.15"]
[EventRounds "10"]
[EventCountry "SUI"]

1. e4 e5 2. Nf3 Nc6 3. Bb5 a6 4. Ba4 Nf6 5. O-O Be7 6. Re1 b5 7. Bb3 d6 8. c3 O-O
9. h3 Nb8 10. d4 Nbd7 11. Nbd2 Bb7 12. Bc2 Re8 13. Nf1 Bf8 14. Ng3 a5 15. Bd2 a4
16. Bd3 c6 17. Qc2 Qb6 18. Rab1 g6 19. Be3 exd4 20. cxd4 c5 21. b3 axb3 22. axb3
Qa5 23. d5 Bg7 24. b4 cxb4 25. Bd2 Rac8 26. Bxb4 Qb6 27. Qd2 Nc5 28. Bc2 Nfd7 29.
h4 Ne5 30. Nxe5 Bxe5 31. Ba5 Qa7 32. Nf1 Ba6 33. Nh2 Na4 34. Nf3 Bg7 35. Bd3 Nc5
36. Bb4 Qd7 37. h5 Qg4 38. h6 Bxh6 39. Qxh6 Nxd3 40. Ng5 Qh5 41. Qxh5 gxh5 42. Re3
Nxb4 43. Rxb4 Rc4 44. Rxc4 bxc4 45. Nf3 Rc8 46. Nd4 Rc5 47. Rc3 Bc8 48. f3 f5 49.
Kf2 Kf7 50. Ke3 fxe4 51. fxe4 Kf6 52. Kf4 Bd7 53. Nc2 h4 54. Ke3 Rc8 55. Kd4 Ke7
56. Ne3 h3 57. gxh3 Bxh3 58. Nxc4 Bf1 59. Nxd6 Rxc3 60. Nf5+ Kf6 61. Kxc3 Ke5 62.
Ne3 Kxe4 63. Nxf1 Kxd5  1/2-1/2

[Event "Biel Chess Festival 2024 - Master tournament"]
[Site "Biel/Bienne"]
[Date "2024.07.18"]
[Round "4"]
[Board "2"]
[White "Koustav, Chatterjee"]
[Black "Jumabayev, Rinat"]
[Result "1/2-1/2"]
[WhiteElo "2525"]
[BlackElo "2565"]
[PlyCount "0"]
[EventDate "2024.07.15"]
[EventRounds "10"]
[EventCountry "SUI"]

1. Nf3 d5 2. g3 c5 3. Bg2 Nf6 4. O-O g6 5. c4 Bg7 6. Qa4+ Bd7 7. Qb3 dxc4 8. Qxc4
Qb6 9. Ne5 Be6 10. Qa4+ Nbd7 11. Nc4 Qc7 12. d3 Bd5 13. Bf4 Qc8 14. e4 Bc6 15. Qb3
O-O 16. Nc3 Nh5 17. Bg5 Qd8 18. Nd5 Nhf6 19. a4 e6 20. Nc3 Qb8 21. h3 Ne5 22. Nxe5
Qxe5 23. Bf4 Qd4 24. Nb5 Qd7 25. Rfd1 Rfd8 26. Nc7 Rac8 27. Nb5 Ra8 28. Nc7 Rac8
29. Nb5  1/2-1/2

[Event "Biel Chess Festival 2024 - Master tournament"]
[Site "Biel/Bienne"]
[Date "2024.07.18"]
[Round "4"]
[Board "3"]
[White "Aryan, Chopra"]
[Black "Xue, Haowen"]
[Result "1-0"]
[WhiteElo "2632"]
[BlackElo "2452"]
[PlyCount "0"]
[EventDate "2024.07.15"]
[EventRounds "10"]
[EventCountry "SUI"]

1. e4 c6 2. d4 d5 3. e5 Bf5 4. h4 h5 5. c4 e6 6. Nc3 Ne7 7. Nge2 Nd7 8. Ng3 Bg6 9.
Bg5 Qb6 10. Rc1 dxc4 11. Bxc4 Rd8 12. Na4 Qa5+ 13. Bd2 Qc7 14. O-O Nb6 15. Ba5 Nf5
16. Nxf5 Bxf5 17. Rc3 Be7 18. Rb3 Qd7 19. Nxb6 axb6 20. Bxb6 Ra8 21. a3 Bxh4 22.
Bd3 Be7 23. Bxf5 exf5 24. Qf3 g6 25. Rd1 O-O 26. d5 cxd5 27. Qxd5 Qxd5 28. Rxd5 Rac8
29. Be3 Rc7 30. Rdb5 Rb8 31. e6 Bd6 32. Rb6 Rd8 33. exf7+ Rxf7 34. Rxb7 f4 35. Ba7
Be5 36. Kf1 Rd2 37. a4 Rf6 38. Re7 Bd6 39. Re4 Bc7 40. Bd4 Rd6 41. Bc3 Rc2 42. Rb7
Rd1+ 43. Re1 Rxe1+ 44. Kxe1 Bd6 45. Rg7+ Kf8 46. Rxg6 Be7 47. a5 f3 48. gxf3 h4 49.
Rh6 Kf7 50. f4 Rc1+ 51. Ke2 Rh1 52. a6 Ra1 53. Kf3 Ra4 54. Kg4 Bc5 55. b4 Bxf2 56.
b5 Be3 57. Be5 Rb4 58. a7  1-0

[Event "Biel Chess Festival 2024 - Master tournament"]
[Site "Biel/Bienne"]
[Date "2024.07.18"]
[Round "4"]
[Board "4"]
[White "Mendonca, Leon Luke"]
[Black "Deuer, Marius"]
[Result "1-0"]
[WhiteElo "2615"]
[BlackElo "2458"]
[PlyCount "0"]
[EventDate "2024.07.15"]
[EventRounds "10"]
[EventCountry "SUI"]

1. e4 c6 2. d4 d5 3. e5 Bf5 4. Nf3 e6 5. Be2 c5 6. c3 Nc6 7. O-O cxd4 8. Nxd4 Nge7
9. Bb5 a6 10. Bxc6+ bxc6 11. Be3 Bg6 12. Nd2 c5 13. N4b3 c4 14. Nc5 Qb8 15. Nxc4
Nf5 16. Na3 Bxc5 17. Bxc5 Qc7 18. b4 Ne7 19. Re1 O-O 20. Nc2 Rfc8 21. Nd4 Nc6 22.
Qe2 Be4 23. f3 Bg6 24. Nb3 Nd8 25. a4 a5 26. b5 Nb7 27. Bd4 Qd8 28. Ra2 Qe7 29. Qe3
Rc4 30. h3 h5 31. Kh1 Rac8 32. Kh2 Bf5 33. Ree2 Bb1 34. Ra1 Bg6 35. Ree1 Bc2 36.
Nd2 Rxa4 37. Rxa4 Bxa4 38. Qd3 Nc5 39. Qb1 Qb7 40. b6 Bd7 41. Rc1 a4 42. c4 Na6 43.
cxd5 Qxd5 44. Rxc8+ Bxc8 45. Qc2 Qxd4 46. Qxc8+ Kh7 47. Qxa6 Qf4+ 48. Kh1 Qxd2 49.
Qxa4 Qe1+ 50. Kh2 Qxe5+ 51. f4 Qb2 52. Qe4+ Kh6 53. b7 Qb6 54. f5 Qd6+ 55. Kg1 Qd1+
56. Kf2 Qd2+ 57. Kf3 Qd1+ 58. Kg3 Qb3+ 59. Qf3 h4+ 60. Kxh4 Qb4+ 61. Kg3 e5 62. Qg4
 1-0

[Event "Biel Chess Festival 2024 - Master tournament"]
[Site "Biel/Bienne"]
[Date "2024.07.18"]
[Round "4"]
[Board "6"]
[White "Ganguly, Surya Shekhar"]
[Black "Razafindratsima, Timothe"]
[Result "1/2-1/2"]
[WhiteElo "2592"]
[BlackElo "2449"]
[PlyCount "0"]
[EventDate "2024.07.15"]
[EventRounds "10"]
[EventCountry "SUI"]

1. e4 c5 2. Nf3 e6 3. Nc3 Nc6 4. d4 cxd4 5. Nxd4 Nf6 6. Nxc6 bxc6 7. e5 Nd5 8. Ne4
Bb7 9. c4 Nb4 10. c5 Qb8 11. f4 Ba6 12. a3 Bxf1 13. Rxf1 Nd5 14. Rf3 Be7 15. b3 f5
16. Nd6+ Bxd6 17. exd6 Qd8 18. Qd2 Qh4+ 19. Kf1 Nf6 20. Bb2 Ne4 21. Qe3 Rb8 22. Kg1
O-O 23. Rh3 Qg4 24. Re1 Qg6 25. Qc1 Nf6 26. Rg3 Qf7 27. Bd4 h6 28. Qb2 Kh7 29. Ree3
Nh5 30. Rgf3 Nf6 31. Rg3 Nh5 32. Rgf3 Nf6 33. Bxf6 Qxf6 34. Qxf6 gxf6 35. b4 Rb5
36. Rb3 Rfb8 37. Rfc3 a5 38. Rc4 Kg7 39. Kf2 Kf7 40. Ke2 h5 41. Kd3 a4 42. Rb2 Rg8
43. Rf2 Rg4 44. Rcc2 Rb8 45. Rb2 h4 46. Ke3 Rbg8 47. b5 cxb5 48. Rxb5 e5 49. fxe5
fxe5 50. Rxf5+ Ke6 51. Rh5 Rxg2 52. Rxh4 Kd5 53. c6+ Kxc6 54. Rxe5 Rb8 55. Rxa4 Rxh2
56. Ra6+ Rb6 57. Rxb6+  1/2-1/2

[Event "Biel Chess Festival 2024 - Master tournament"]
[Site "Biel/Bienne"]
[Date "2024.07.18"]
[Round "4"]
[Board "7"]
[White "Petkidis, Anthony"]
[Black "Moiseenko, Alexander"]
[Result "0-1"]
[WhiteElo "2428"]
[BlackElo "2570"]
[PlyCount "0"]
[EventDate "2024.07.15"]
[EventRounds "10"]
[EventCountry "SUI"]

1. e4 c5 2. Nf3 Nc6 3. d4 cxd4 4. Nxd4 Nf6 5. Nc3 e5 6. Ndb5 d6 7. Nd5 Nxd5 8. exd5
Nb8 9. a4 Be7 10. Bd2 Nd7 11. Bb4 O-O 12. Bxd6 Bxd6 13. Nxd6 Nf6 14. Nxc8 Rxc8 15.
c3 Nxd5 16. Qb3 Nf4 17. Rd1 Qc7 18. Qc2 Rfd8 19. g3 Qc6 20. Rg1 Ne6 21. Bg2 Qa6 22.
Be4 g6 23. Rd2 Nc5 24. b3 Rxd2 25. Kxd2 Qb6 26. Ke2 Nxb3 27. Kf1 Rd8 28. Qe2 Rd2
29. Qe1 Qa6+ 30. Kg2 Re2 31. Qb1 Nc5 32. Bf3 Rd2 33. Rd1 Qd6 34. Rxd2 Qxd2 35. Bxb7
Qxc3 36. Qb5 Qd4 37. a5 Nd3 38. f3 Kg7 39. Be4 Qf2+ 40. Kh3 Qf1+ 41. Kh4 Qe2 42.
h3 Qe3 43. Qxd3 Qh6+ 44. Kg4 Qh5#  0-1

[Event "Biel Chess Festival 2024 - Master tournament"]
[Site "Biel/Bienne"]
[Date "2024.07.18"]
[Round "4"]
[Board "9"]
[White "Sokolovsky, Yahli"]
[Black "Kalogridis, Antonios"]
[Result "1-0"]
[WhiteElo "2516"]
[BlackElo "2391"]
[PlyCount "0"]
[EventDate "2024.07.15"]
[EventRounds "10"]
[EventCountry "SUI"]

1. e4 c5 2. Nf3 Nc6 3. Bb5 d6 4. O-O Bd7 5. Re1 Nf6 6. c3 a6 7. Bf1 Bg4 8. d4 cxd4
9. cxd4 e5 10. d5 Nd4 11. Be3 Nxf3+ 12. gxf3 Bd7 13. a4 Be7 14. Nd2 O-O 15. Nc4 Nh5
16. Nb6 Rb8 17. Rc1 Bg5 18. Nxd7 Bxe3 19. fxe3 Qxd7 20. Re2 Rbc8 21. Rec2 g6 22.
b3 Kg7 23. Kh1 Rfd8 24. Qd2 Nf6 25. Qg2 Qe8 26. a5 Rxc2 27. Qxc2 Qe7 28. Bh3 Ne8
29. Bc8 Qf6 30. Qd1 Qe7 31. Rc4 h5 32. b4 Nf6 33. Qc2 Ne8 34. Rc3 Qf6 35. Kg2 Qe7
36. Kf1 Qf6 37. Ke2 Qe7 38. Kd2 Kf8 39. Kc1 Kg7 40. Kb2 Kf8 41. Kb3 Kg7 42. Ka4 Kf8
43. Kb3 Kg7 44. Ka3 Kg8 45. b5 axb5 46. Kb4 Kg7 47. Kxb5 Nf6 48. Rc7 Qe8+ 49. Kb6
h4 50. Qc4 Nd7+ 51. Bxd7 Rxd7 52. Qb5 Qa8 53. Rxd7  1-0

[Event "Biel Chess Festival 2024 - Master tournament"]
[Site "Biel/Bienne"]
[Date "2024.07.18"]
[Round "4"]
[Board "10"]
[White "Tahay, Alexis"]
[Black "Madaminov, Mukhiddin"]
[Result "0-1"]
[WhiteElo "2392"]
[BlackElo "2512"]
[PlyCount "0"]
[EventDate "2024.07.15"]
[EventRounds "10"]
[EventCountry "SUI"]

1. e4 e5 2. Nf3 Nc6 3. Bb5 a6 4. Ba4 Nf6 5. O-O Bc5 6. c3 b5 7. Bc2 d5 8. a4 dxe4
9. axb5 exf3 10. Qxf3 e4 11. Bxe4 Ne5 12. Qe2 O-O 13. d4 Bg4 14. Qc2 Nxe4 15. Qxe4
Bd7 16. bxa6 Bb5 17. Qxe5 Bxf1 18. Kxf1 Ba7 19. Qf5 Re8 20. g3 Rb8 21. Qf3 Rb6 22.
Ra5 Rf6 23. Rf5 Qc8 24. g4 Rxf5 25. Qxf5 Qxa6+ 26. Kg2 Qb7+ 27. Kg3 c5 28. d5 Bb8+
29. Kg2 g6 30. Qd3 Qc7 31. Kf1 Qxh2 32. Qf3 f5 33. g5 Qe5 34. Qe3 Rd8 35. c4 f4 36.
Qxe5 Bxe5 37. Na3 f3 38. Ke1 Re8 39. Kf1 Bd4 40. d6 Be5 41. Nb5 Rd8 42. Be3 Bxd6
43. Nxd6 Rxd6 44. Kg1 Rb6 45. Bxc5 Rxb2 46. Be3 Rb4 47. c5 Rh4 48. c6 Rc4 49. Kh2
Kf7 50. Kg3 Ke6 51. Kxf3 Kf5 52. Kg3 Rxc6 53. Bd2 Rc4 54. f3 Rd4 55. Bc1 Rd1 56.
Be3 Re1 57. Bd2 Rg1+ 58. Kh4 Rd1  0-1

[Event "Biel Chess Festival 2024 - Master tournament"]
[Site "Biel/Bienne"]
[Date "2024.07.18"]
[Round "4"]
[Board "11"]
[White "Nurman, Alua"]
[Black "Macovei, Andrei"]
[Result "1/2-1/2"]
[WhiteElo "2266"]
[BlackElo "2479"]
[PlyCount "0"]
[EventDate "2024.07.15"]
[EventRounds "10"]
[EventCountry "SUI"]

1. e4 e5 2. Nf3 Nc6 3. Bb5 a6 4. Ba4 Nf6 5. O-O d6 6. c3 Bd7 7. Re1 g6 8. d4 Bg7
9. Nbd2 O-O 10. h3 exd4 11. cxd4 Nb4 12. Bxd7 Qxd7 13. Qb3 a5 14. a3 Nc6 15. Nf1
a4 16. Qc2 Na5 17. Bg5 Qc6 18. Qd3 Rfe8 19. Rac1 Qb6 20. N1d2 c6 21. e5 dxe5 22.
dxe5 Nd5 23. Qc2 Nb3 24. Nxb3 axb3 25. Qc4 Ra5 26. Bd2 Raa8 27. Be3 Qa5 28. Qxb3
Nxe3 29. Qxe3 Rad8 30. Rc4 Qa6 31. Re4 Qd3 32. Qb6 Qd7 33. Rb4 Bf8 34. Rd4 Qe7 35.
Rde4 Qc5 36. Qb3 Qd5 37. Qe3 Bg7 38. Qb6 Qd7 39. Ng5 Qe7 40. h4 h6 41. Nf3 Rd5 42.
Qb3 Qd7 43. Qc2  1/2-1/2

[Event "Biel Chess Festival 2024 - Master tournament"]
[Site "Biel/Bienne"]
[Date "2024.07.18"]
[Round "4"]
[Board "12"]
[White "Harsha, Bharathakoti"]
[Black "Thavandiran, Shiyam"]
[Result "1-0"]
[WhiteElo "2569"]
[BlackElo "2387"]
[PlyCount "0"]
[EventDate "2024.07.15"]
[EventRounds "10"]
[EventCountry "SUI"]

1. d4 e6 2. c4 Nf6 3. Nc3 Bb4 4. Nf3 O-O 5. Bg5 c5 6. Rc1 cxd4 7. Nxd4 h6 8. Bh4
g5 9. Bg3 Ne4 10. e3 Nc6 11. Bd3 Nxg3 12. hxg3 Kg7 13. O-O Be7 14. Bb1 d6 15. Qc2
Rh8 16. Rcd1 Qb6 17. Ndb5 Ne5 18. Na4 Qc6 19. b3 b6 20. f4 Ng4 21. Nd4 Qd7 22. f5
e5 23. Ne6+ Kg8 24. Qe4 Bb7 25. Qxg4 h5 26. Qe2 fxe6 27. f6 Bf8 28. Bg6 Qc6 29. Rf2
Rh6 30. Bxh5 Qe4 31. Nc3 Qh7 32. f7+ Kg7 33. g4 Rc8 34. Nb5 d5 35. Nxa7 Ra8 36. Nb5
dxc4 37. Qxc4 Rxh5 38. gxh5 Qxh5 39. Rd7 Rc8 40. Nc7 Bd5 41. Rxd5  1-0

[Event "Biel Chess Festival 2024 - Master tournament"]
[Site "Biel/Bienne"]
[Date "2024.07.18"]
[Round "4"]
[Board "13"]
[White "Haimovich, Tal"]
[Black "Sethuraman, S.P."]
[Result "1/2-1/2"]
[WhiteElo "2324"]
[BlackElo "2589"]
[PlyCount "0"]
[EventDate "2024.07.15"]
[EventRounds "10"]
[EventCountry "SUI"]

1. d4 Nf6 2. Nf3 e6 3. c4 h6 4. g3 d5 5. Bg2 Bb4+ 6. Bd2 Be7 7. O-O Nbd7 8. Qc2 c6
9. Rd1 O-O 10. b3 b6 11. Bc3 Ne4 12. Bb2 Bb7 13. Ne5 Nxe5 14. Bxe4 Nd7 15. Bg2 f5
16. e3 Bd6 17. Ba3 Bxa3 18. Nxa3 Qe7 19. Qb2 a5 20. Nc2 g5 21. Ne1 Kg7 22. Nd3 h5
23. Rac1 Rh8 24. b4 axb4 25. Qxb4 Kf6 26. Qb2 Qa3 27. Qxa3 Rxa3 28. cxd5 exd5 29.
Rc2 Ke6 30. h4 g4 31. Bf1 Kd6 32. Rb1 b5 33. Nb4 Nb6 34. Rb3 Ra7 35. Bd3 Rf8 36.
Re2 Nc4 37. Bb1 Bc8 38. Nd3 Bd7 39. Nc5 Na3 40. Bd3 Be6 41. Rb4 Rfa8 42. Kf1 Ke7
43. Ke1 Kf6 44. Kd1 Bf7 45. Kc1 Bg6 46. Kb2 Re7 47. Rb3 Nc4+ 48. Bxc4 dxc4 49. Ra3
c3+ 50. Rxc3 b4 51. Rc1 Rea7 52. Ra1 Bf7 53. Kc1 Ra3 54. Rb1 Rxa2 55. Rxa2 Rxa2 56.
Rb2 Ra1+ 57. Rb1 Ra2 58. Rb2 Ra1+ 59. Kd2 Rf1 60. Kd3 Bd5 61. Na6 Rd1+ 62. Kc2 Rf1
63. Kd3 b3 64. Nb4 Rd1+ 65. Kc3 Bf7 66. Nd3 Bd5 67. Nc5 Rc1+ 68. Kd2 Rf1 69. Kc3
Rc1+ 70. Kd2 Rf1  1/2-1/2

[Event "Biel Chess Festival 2024 - Master tournament"]
[Site "Biel/Bienne"]
[Date "2024.07.18"]
[Round "4"]
[Board "14"]
[White "Gavrilescu, David"]
[Black "Emmenecker, Pierre-Antoine"]
[Result "1-0"]
[WhiteElo "2540"]
[BlackElo "2318"]
[PlyCount "0"]
[EventDate "2024.07.15"]
[EventRounds "10"]
[EventCountry "SUI"]

1. e4 e5 2. Nf3 Nc6 3. Bc4 Nf6 4. d3 h6 5. c3 d6 6. a4 g6 7. a5 Bg7 8. a6 b6 9. O-O
O-O 10. Nbd2 Rb8 11. Bb5 Ne7 12. d4 c6 13. Bd3 exd4 14. cxd4 c5 15. Re1 Nc6 16. Bb5
Bd7 17. Nc4 Nxd4 18. Nxd4 cxd4 19. Nxd6 Ne8 20. Nb7 Rxb7 21. axb7 Bxb5 22. Bf4 Nd6
23. Rxa7 Qb8 24. Qa1 d3 25. Qa3 d2 26. Rd1  1-0

[Event "Biel Chess Festival 2024 - Master tournament"]
[Site "Biel/Bienne"]
[Date "2024.07.18"]
[Round "4"]
[Board "16"]
[White "Ansat, Aldiyar"]
[Black "Gloeckler, Christian"]
[Result "1/2-1/2"]
[WhiteElo "2458"]
[BlackElo "2304"]
[PlyCount "0"]
[EventDate "2024.07.15"]
[EventRounds "10"]
[EventCountry "SUI"]

1. e4 c5 2. Nf3 Nc6 3. Nc3 e5 4. Bc4 g6 5. d3 h6 6. Be3 d6 7. Qd2 Bg7 8. Nd5 Nge7
9. c3 f5 10. exf5 Nxd5 11. Bxd5 Ne7 12. f6 Bxf6 13. Bb3 Nf5 14. O-O Kf8 15. Qc2 Kg7
16. Rad1 Re8 17. Rfe1 Bd7 18. Bd5 Qc7 19. Qd2 Bc6 20. Be4 Nxe3 21. Bxc6 Nxg2 22.
Bxb7 Qxb7 23. Kxg2 Bg5 24. Qe2 Bf4 25. Kg1 Rf8 26. d4 exd4 27. Qe7+ Qxe7 28. Rxe7+
Kf6 29. Re4 Kf5 30. Re7 dxc3 31. bxc3 g5 32. h3 Rfe8 33. Rde1 Be5 34. Rf7+ Kg6 35.
Rd7 Bxc3 36. Rxd6+ Bf6 37. Rc1 Rac8 38. Rc4 Red8 39. Ra6 Rc7 40. Rca4 Re8 41. Nd2
Rce7 42. Rc6 Re5 43. Raa6 Rf5 44. f3 Kg7 45. Ne4 Bd4+ 46. Kg2 Rb8 47. Rxa7+ Kf8 48.
Rxh6 c4 49. Ra3 Be5 50. Rh7 Kg8 51. Rd7 c3 52. Nxc3 Rb2+ 53. Kg1 Bh2+ 54. Kh1 Rxf3
 1/2-1/2

[Event "Biel Chess Festival 2024 - Master tournament"]
[Site "Biel/Bienne"]
[Date "2024.07.18"]
[Round "4"]
[Board "17"]
[White "Materia, Marco"]
[Black "Saravanan, V."]
[Result "1-0"]
[WhiteElo "2453"]
[BlackElo "2266"]
[PlyCount "0"]
[EventDate "2024.07.15"]
[EventRounds "10"]
[EventCountry "SUI"]

1. d4 d5 2. c4 dxc4 3. Nf3 Nf6 4. e3 e6 5. Bxc4 c5 6. O-O a6 7. a4 Nc6 8. Qe2 Qc7
9. Nc3 Be7 10. dxc5 Bxc5 11. Bd3 O-O 12. Ne4 Be7 13. Bd2 e5 14. Rac1 Bg4 15. h3 Bh5
16. Nxf6+ Bxf6 17. Be4 Bg6 18. Bxc6 bxc6 19. e4 Rfd8 20. b4 Qd7 21. Rfe1 Qd3 22.
Qxd3 Rxd3 23. Rxc6 Be7 24. b5 axb5 25. axb5 f6 26. b6 Rb3 27. Be3 Bxe4 28. Rc7 Bxf3
29. Rxe7 Bd5 30. Rd1 Rb5 31. Rc7 Be6 32. Rd6 Bf5 33. b7 Rb8 34. Rb6  1-0

[Event "Biel Chess Festival 2024 - Master tournament"]
[Site "Biel/Bienne"]
[Date "2024.07.18"]
[Round "4"]
[Board "18"]
[White "Holzke, Frank"]
[Black "Shoshin, Kirill"]
[Result "1-0"]
[WhiteElo "2450"]
[BlackElo "2277"]
[PlyCount "0"]
[EventDate "2024.07.15"]
[EventRounds "10"]
[EventCountry "SUI"]

1. e4 c5 2. Nf3 Nc6 3. Bb5 g6 4. O-O Bg7 5. d3 Nf6 6. Nc3 Nd4 7. e5 Ng4 8. Re1 a6
9. Bc4 O-O 10. Bf4 d6 11. exd6 exd6 12. a4 Be6 13. Ng5 Ne5 14. Nd5 h6 15. Ne4 f5
16. Ng3 g5 17. Bd2 f4 18. Nh5 f3 19. c3 Nf5 20. d4 cxd4 21. cxd4 Nxd4 22. Bc3 Ne2+
23. Rxe2 fxe2 24. Qxe2 Rc8 25. Nxg7 Bxd5 26. Bxd5+ Kxg7 27. Bxb7 Rxc3 28. bxc3 a5
29. Qe3 Qc7 30. Bd5 Rb8 31. Re1 Rb2 32. h4 gxh4 33. c4 Rc2 34. Rb1 Ra2 35. Qf4 Kg6
36. Be4+  1-0

[Event "Biel Chess Festival 2024 - Master tournament"]
[Site "Biel/Bienne"]
[Date "2024.07.18"]
[Round "4"]
[Board "19"]
[White "Collin, Moritz Valentin"]
[Black "Saraci, Nderim"]
[Result "1/2-1/2"]
[WhiteElo "2255"]
[BlackElo "2447"]
[PlyCount "0"]
[EventDate "2024.07.15"]
[EventRounds "10"]
[EventCountry "SUI"]

1. d4 Nf6 2. c4 g6 3. h4 c5 4. d5 b5 5. cxb5 a6 6. e3 Bg7 7. Nc3 axb5 8. Bxb5 Ba6
9. Bxa6 Rxa6 10. Nf3 d6 11. e4 Nbd7 12. a4 O-O 13. O-O Qa8 14. Ra3 Rb8 15. Nb5 Rb7
16. Nd2 Nb6 17. b3 c4 18. bxc4 Nfd7 19. Qc2 Rxa4 20. Bb2 Rxa3 21. Bxa3 Qa4 22. Qxa4
Nxa4 23. Nb3 Nc3 24. Nxc3 Rxb3 25. Nb5 Ne5 26. Rc1 f5 27. exf5 gxf5 28. Bxd6 exd6
29. Nxd6 Nd3 30. Rd1 f4 31. Ne4 Nb2 32. Rc1 Rb4 33. d6 Kf8 34. Ng5 Rxc4 35. Rxc4
Nxc4 36. Ne6+ Kf7 37. Nxg7 Nxd6 38. Nh5 Nf5 39. Nxf4 Nxh4 40. g4 Nf3+ 41. Kg2 Nd2
42. Nh5 h6 43. f4 Nc4 44. Ng3 Ne3+ 45. Kf3 Nd5 46. Ke4 Nf6+ 47. Kf5 Nd5 48. Nf1 Kg7
49. Ke5 Nf6 50. Ne3 Kg6 51. Ke6 h5 52. gxh5+  1/2-1/2

[Event "Biel Chess Festival 2024 - Master tournament"]
[Site "Biel/Bienne"]
[Date "2024.07.18"]
[Round "4"]
[Board "20"]
[White "Gan-Erdene, Sugar"]
[Black "Peycheva, Gergana"]
[Result "1-0"]
[WhiteElo "2407"]
[BlackElo "2261"]
[PlyCount "0"]
[EventDate "2024.07.15"]
[EventRounds "10"]
[EventCountry "SUI"]

1. e4 c6 2. Nf3 d5 3. Nc3 Bg4 4. h3 Bxf3 5. Qxf3 Nf6 6. Be2 e6 7. O-O Nbd7 8. d4
dxe4 9. Nxe4 Nxe4 10. Qxe4 Nf6 11. Qd3 Be7 12. b3 O-O 13. Bb2 Qc7 14. c4 Rad8 15.
Qf3 Rd7 16. Rad1 Rfd8 17. a3 Ne8 18. Qe3 Bf6 19. Bc3 a5 20. Rd2 g6 21. Rfd1 Bg7 22.
a4 b6 23. Bf3 Nd6 24. g4 Nc8 25. Bg2 Ne7 26. Qf3 Bh6 27. Rd3 Bg7 28. R3d2 Bh8 29.
h4 Bg7 30. Bh3 h6 31. h5 g5 32. Bg2 Kf8 33. Qe3 Qf4 34. Qxf4 gxf4 35. c5 Rb8 36.
cxb6 Rxb6 37. Rb1 Ra7 38. Rc2 Ke8 39. Bd2 Bxd4 40. Bxf4 Rab7 41. Rd1 Bg7 42. g5 hxg5
43. Bxg5 f6 44. Be3 Rb4 45. h6 Bf8 46. Rxc6 Kf7 47. Ra6 Rc7 48. Rxa5 Rxb3 49. h7
Ng6 50. Rh5 Kg7 51. Bh6+ Kh8 52. Bxf8 Nxf8 53. Rd8 Rf7 54. a5 Ra3 55. Bb7 f5 56.
a6 f4 57. Bc8 f3 58. Bxe6 Rf6 59. Bc8 Ra2 60. Rf5 Rg6+ 61. Kh2 Rxf2+ 62. Kh3 Kxh7
63. Rf7+ Kh6 64. Rdxf8  1-0

[Event "Biel Chess Festival 2024 - Master tournament"]
[Site "Biel/Bienne"]
[Date "2024.07.18"]
[Round "4"]
[Board "21"]
[White "Dotzer, Lukas"]
[Black "Song, Ethan"]
[Result "1/2-1/2"]
[WhiteElo "2375"]
[BlackElo "2244"]
[PlyCount "0"]
[EventDate "2024.07.15"]
[EventRounds "10"]
[EventCountry "SUI"]

1. e4 e5 2. Nf3 Nc6 3. Bb5 Nf6 4. O-O Nxe4 5. Re1 Nd6 6. a4 Be7 7. Nc3 a6 8. Bf1
e4 9. Nxe4 Nxe4 10. Rxe4 d5 11. Re1 d4 12. Bc4 O-O 13. d3 h6 14. Bd2 Bd6 15. h3 Qf6
16. Bd5 Ne7 17. Be4 Ng6 18. c3 c5 19. cxd4 cxd4 20. Qb3 Be6 21. Bd5 Bxd5 22. Qxd5
Bf4 23. Ba5 b6 24. Bb4 Rfd8 25. Qb7 a5 26. Ba3 Rab8 27. Qe4 Rbc8 28. h4 Bd6 29. g3
Bxa3 30. Rxa3 Nf8 31. Ne5 Rc2 32. Ng4 Qe6 33. Ne5 Rxb2 34. Nc6 Re8 35. Raa1 Qxe4
36. dxe4 d3 37. Rad1 Re2 38. f3 f5 39. Rxe2 dxe2 40. Re1 fxe4 41. Rxe2 e3 42. Kf1
Nd7 43. Ra2 Nc5 44. Ke2 Nb3 45. Rc2 Re6 46. Rc3 Nc5 47. Nxa5 Nxa4 48. Ra3 bxa5 49.
Rxa4 Re5 50. f4 Rb5 51. Kxe3 h5 52. Kf3 Rb3+ 53. Kg2 Rb2+ 54. Kf3 Rb3+ 55. Kg2  1/2-1/2

[Event "Biel Chess Festival 2024 - Master tournament"]
[Site "Biel/Bienne"]
[Date "2024.07.18"]
[Round "4"]
[Board "25"]
[White "Valsecchi, Alessio"]
[Black "Follesa, Enrico"]
[Result "1-0"]
[WhiteElo "2488"]
[BlackElo "2241"]
[PlyCount "0"]
[EventDate "2024.07.15"]
[EventRounds "10"]
[EventCountry "SUI"]

1. e4 c5 2. Nf3 d6 3. d4 cxd4 4. Nxd4 Nf6 5. Nc3 a6 6. Bg5 e6 7. f4 h6 8. Bxf6 Qxf6
9. Qd2 Nc6 10. Nxc6 bxc6 11. O-O-O Qd8 12. Kb1 Qb6 13. Na4 Qc7 14. h4 Rb8 15. c4
c5 16. g4 g6 17. h5 Bd7 18. Nc3 Bg7 19. hxg6 fxg6 20. Rh3 Ke7 21. Rd3 Bd4 22. Bg2
Qb6 23. b3 Qb4 24. Rxd4 cxd4 25. Qxd4 Rhf8 26. f5 e5 27. Nd5+ Kd8 28. Qa7 Qb7 29.
Qe3 g5 30. Rh1 Qc6 31. Rxh6 Qc5 32. Qxg5+ Kc8 33. Qd2 a5 34. g5 a4 35. b4 Qg1+ 36.
Kc2 Qa1 37. Ne7+ Kb7 38. Qxd6 Qxa2+ 39. Kd1 Qa1+ 40. Ke2 Qb2+ 41. Kf3 Qd4 42. Qa6+
Kc7 43. Nd5+ Kd8 44. Qd6  1-0

[Event "Biel Chess Festival 2024 - Master tournament"]
[Site "Biel/Bienne"]
[Date "2024.07.18"]
[Round "4"]
[Board "26"]
[White "Fromm, Marius"]
[Black "Kolbus, Dietmar"]
[Result "1-0"]
[WhiteElo "2448"]
[BlackElo "2230"]
[PlyCount "0"]
[EventDate "2024.07.15"]
[EventRounds "10"]
[EventCountry "SUI"]

1. e4 e5 2. Nf3 Nf6 3. Nxe5 d6 4. Nf3 Nxe4 5. d4 d5 6. Bd3 Be7 7. O-O Nd6 8. Bf4
Nd7 9. Re1 Nf6 10. Nbd2 O-O 11. c3 Re8 12. Qc2 Bf8 13. Re5 c6 14. Rae1 g6 15. Bg5
Re6 16. c4 Nde8 17. Nf1 Be7 18. Ne3 Nc7 19. h4 Kg7 20. h5 Rxe5 21. Nxe5 dxc4 22.
N3xc4 Ng8 23. h6+ Kf8 24. Nxf7 Kxf7 25. Ne5+ Kf8 26. Nxg6+ hxg6 27. h7 Bxg5 28. Bc4
Kg7 29. hxg8=Q+ Qxg8 30. Bxg8 Bf5 31. Qc5 Na6 32. Re7+ Kf8 33. Rf7+ Kxg8 34. Qc4
 1-0

[Event "Biel Chess Festival 2024 - Master tournament"]
[Site "Biel/Bienne"]
[Date "2024.07.18"]
[Round "4"]
[Board "27"]
[White "Vemparala, Nikash"]
[Black "Amartuvshin, Ganzorig"]
[Result "0-1"]
[WhiteElo "2150"]
[BlackElo "2427"]
[PlyCount "0"]
[EventDate "2024.07.15"]
[EventRounds "10"]
[EventCountry "SUI"]

1. e4 c5 2. Nf3 e6 3. b3 a6 4. Bb2 Nc6 5. c4 Nf6 6. e5 Ng4 7. h3 Nh6 8. Nc3 d6 9.
exd6 Bxd6 10. Ne4 O-O 11. Be2 Be7 12. O-O Nf5 13. Re1 b6 14. Bf1 Bb7 15. d3 Qd7 16.
Qd2 Rad8 17. Rad1 Qc7 18. Bc3 h6 19. Qb2 Nfd4 20. Ned2 Bf6 21. a3 a5 22. Re3 Rd7
23. Ne4 Nxf3+ 24. Rxf3 Bd4 25. Bxd4 cxd4 26. h4 f5 27. Nd2 Ne5 28. Rh3 Ng4 29. Re1
e5 30. b4 a4 31. Qc2 Re7 32. h5 e4 33. dxe4 fxe4 34. Nxe4 Nxf2 35. Rh4 Bxe4 36. Rhxe4
Rxe4 37. Rxe4 Qg3 38. Be2 d3  0-1

[Event "Biel Chess Festival 2024 - Master tournament"]
[Site "Biel/Bienne"]
[Date "2024.07.18"]
[Round "4"]
[Board "28"]
[White "Vantika, Agrawal"]
[Black "Papaux, Steve"]
[Result "1-0"]
[WhiteElo "2390"]
[BlackElo "2228"]
[PlyCount "0"]
[EventDate "2024.07.15"]
[EventRounds "10"]
[EventCountry "SUI"]

1. d4 d5 2. c4 c6 3. Nf3 Nf6 4. e3 Bg4 5. h3 Bxf3 6. Qxf3 e6 7. Bd3 Bb4+ 8. Nc3 Nbd7
9. O-O O-O 10. Qd1 Qe7 11. Qb3 dxc4 12. Bxc4 Rab8 13. Bd2 Bd6 14. Qc2 e5 15. dxe5
Qxe5 16. f4 Qc5 17. Bd3 b5 18. b4 Qb6 19. Ne4 Nxe4 20. Bxe4 Nf6 21. Qxc6 Nxe4 22.
Qxe4 Rfe8 23. Qf3 Qb7 24. Qxb7 Rxb7 25. Rac1 f5 26. Kf2 Re4 27. a3 Kf7 28. Rfd1 a5
29. Rc6 Be7 30. bxa5 Bxa3 31. Bc3 Ra4 32. Rd5 g6 33. a6 Ra7 34. Rxb5 R4xa6 35. Rxa6
Rxa6 36. Rb7+ Ke6 37. Rxh7 Bc5 38. Rc7 Bb6 39. Rg7 Kd5 40. Bd4 Bxd4 41. Rd7+ Ke6
42. Rxd4 Kf6 43. Kf3 Ke6 44. Rd1 Rb6 45. h4 Rb7 46. g3 Ra7 47. Rb1 Kf6 48. Rb6+ Kg7
49. Rb3 Re7 50. g4 Kh6 51. g5+ Kh5 52. Rb8 Rh7 53. Rg8  1-0